| 000 | 00519nam a2200217Ia 4500 | ||
|---|---|---|---|
| 001 | 18472 | ||
| 003 | GE_BSU | ||
| 008 | 181216s||||||||xx |||||||||||||| ||und|| | ||
| 020 | _a9780761915478 | ||
| 040 | _cGE_BSU | ||
| 080 | _a005 | ||
| 100 | _aHall, D.T. | ||
| 245 | _aCareer in and Out of Organizations | ||
| 260 | _aLondon | ||
| 260 | _bSage | ||
| 260 | _c2002 | ||
| 300 | _a344 p. 23cm. | ||
| 653 | _aCareer in and Out of Organizations | ||
| 653 | _aკარიერა, მართვა. | ||
| 942 | _cBK | ||
| 999 |
_c51486 _d51486 |
||